Sector informal, pobreza y política social: Los programas de apoyo a la microempresa en el área metropolitana de San José durante la década de los años noventa /
Guardado en:
| Hovedforfatter: | |
|---|---|
| Autores Corporativos: | , |
| Format: | Texto |
| Sprog: | Spanish |
| Udgivet: |
San José :
Editorial de la Universidad de Costa Rica
|
| Fag: | |
| Tags: |
Tilføj Tag
Ingen Tags, Vær først til at tagge denne postø!
|
MARC
| LEADER | 00000 a a2200000 04500 | ||
|---|---|---|---|
| 001 | 29835 | ||
| 003 | cru CRAIS/IIS | ||
| 005 | 20221121104241.0 | ||
| 008 | 210914b2003 |||||||| |||| 00| 0 spa d | ||
| 040 | |c CRAIS/IIS | ||
| 090 | |a RE02.02.01 D677s | ||
| 100 | |a Donato Monge, Elisa | ||
| 110 | |a Universidad de Costa Rica. Facultad de Ciencias Sociales. Instituto de Investigaciones Sociales | ||
| 245 | |a Sector informal, pobreza y política social: |b Los programas de apoyo a la microempresa en el área metropolitana de San José durante la década de los años noventa / |c Elisa Donato Monge; Universidad de Costa Rica. Facultad de Ciencias Sociales. Instituto de Investigaciones Sociales | ||
| 260 | |a San José : |b Editorial de la Universidad de Costa Rica | ||
| 300 | |a 1 disco compacto: 4 3/4: Acrobat Reader, 237 páginas | ||
| 500 | |a Contiene índice de cuadros y anexos. También impreso con el no. de acceso 190800 | ||
| 650 | |a SECTOR INFORMAL | ||
| 650 | |a ZONAS RUBANAS | ||
| 650 | |a PROGRAMAS GUBERNAMENTALES | ||
| 650 | |a POLITICA SOCIAL | ||
| 650 | |a ALIVIO DE LA POBREZA | ||
| 650 | |a AJUSTE ESTRUCTURAL | ||
| 650 | |a PEQUEÑA EMPRESA | ||
| 650 | |a CREDITO | ||
| 710 | |a .849096B! | ||
| 942 | |2 ddc |c RE |h Re001 D677s |i 01274 |6 RE001_D677S_01274 | ||
| 999 | |c 14137 |d 14137 | ||
